Controlling pests on the block (Record no. 79361)
[ view plain ]
| 000 -LEADER | |
|---|---|
| fixed length control field | 00952cab a22001935a 4500 |
| 001 - CONTROL NUMBER | |
| control field | L140830 |
| 008 - FIXED-LENGTH DATA ELEMENTS--GENERAL INFORMATION | |
| fixed length control field | 071015e2007 xxko f 000 0 eng d |
| 035 ## - SYSTEM CONTROL NUMBER | |
| System control number | (Sirsi) u140830 |
| 041 0# - LANGUAGE CODE | |
| Language code of text/sound track or separate title | eng |
| 100 1# - MAIN ENTRY--PERSONAL NAME | |
| Personal name | Channon, Dave |
| 245 00 - TITLE STATEMENT | |
| Title | Controlling pests on the block |
| 260 ## - PUBLICATION, DISTRIBUTION, ETC. | |
| Date of publication, distribution, etc. | 2007 |
| 490 ## - SERIES STATEMENT | |
| Series statement | News on the Block |
| Volume/sequential designation | (35), 31-32(2) |
| 520 ## - SUMMARY, ETC. | |
| Summary, etc. | Examines the need for pest control in residential buildings. Residents on upper floors may be unaware of problems such a foxes, rats and mice. The perception of pest problems may also vary according to the culture of the residents. Health and safety issues must be considered especially when using pesticides. The role of the managing agent is to convey messages about problems and treatment to residents. Simultaneous access to all flats is sometimes needed. |
| 590 ## - LOCAL NOTE (RLIN) | |
| Local note | KA |
| 651 #4 - SUBJECT ADDED ENTRY--GEOGRAPHIC NAME | |
| Geographic name | United Kingdom |
| Chronological subdivision | |
| 690 ## - LOCAL SUBJECT ADDED ENTRY--TOPICAL TERM (OCLC, RLIN) | |
| Topical term or geographic name as entry element | PROPERTY-RESIDENTIAL PROPERTY-RESIDENTIAL PROPERTY MANAGEMENT |
| 942 ## - ADDED ENTRY ELEMENTS (KOHA) | |
| Suppress in OPAC | 0 |
| Withdrawn status | Lost status | Source of classification or shelving scheme | Damaged status | Not for loan | Home library | Current library | Shelving location | Date acquired | Total Checkouts | Full call number | Barcode | Date last seen | Copy number | Price effective from | Koha item type |
|---|---|---|---|---|---|---|---|---|---|---|---|---|---|---|---|
| Dewey Decimal Classification | London | London | Journal article | 15/10/2007 | L140830 | 140830-1001 | 06/08/2019 | 1 | 06/08/2019 | Journal article |